1915 1260 1833 1871 1636 1613 1887 1571 1438 1286 1145 1540 1701 1975 1775 1926 1517 1560 1190 1196 1180 1154 1875 1929 1961 1002 1275 1604 1961 1102 1633 1425 1213 1499 1416 1230 1503 1664 1109 1690 1808 1174 1235 1059 1356 1932 1189 1137 1342 1806 1331 1354 1421 1211 1612 1599 1594 1503 1552 1025 1724 1897 1314 1315 1671 1414 1158 1836 1787 1108 1949 1818 1482 1372 1884 1943 1354 1521 1874 1324 1958 1545 1506 1694 1428 1690 1510 1920 1830 1026 1689 1320 1808 1712 1678 1225 1775 1752 1151 BCNSPRNW ULIB Ver.6.0+V

เปลี่ยนเป็นภาษาไทย

Change to English
 แสดงรายละเอียดบรรณานุกรม
  กลับหน้าหลัก

Brief Record : Get Marc (ISO 2709) : E-mail record : QR code < ปิดหน้าต่าง
LEADER : 00000nam 2200000uu 4500
001    13399120800
003     ULIB
008    121017s2548||||th 000 0 tha d
020    9745064114
099    วจ.LB1032^bท478ก
100 0  ทิพวรรณ ลิ้มประไพ และคณะ
110 1  ทุนอุดหนุนจากสถาบันพระบรมราชชนก สำนักงานปลัดกระทรวงสาธารณสุข
245 00 การพัฒนาแผนการสอนโดยเน้นผู้เรียนเป็นศูนย์กลางในวิชาการพยาบาลสูติศาสตร์ วิทยาลัยพยาบาลพระปกเกล้า จันทบุรี^cทิพวรรณ ลิ้มประไพ และคณะ
260    ^c2548
300    114 แ่ผ่น
650  7 การจัดการเรียนการสอน^xวิจัย
650  7 การสอนแบบผู้เรียนเป็นศูนย์กลาง^xวิจัย
650  7 แผนการสอน^xวิจัย
710 1  วิทยาลัยพยาบาลพระปกเกล้า จันทบุรี
945    ^p0^l0^i018377
945    ^p0^l0^i032846
995    เกษร
999    ^aใช้งานได้ทุกระบบ
รายการนี้ยังไม่มีแท็ก
คุณยังไม่ได้ล็อกอิน คุณสามารถมีกิจกรรมร่วมกับเว็บไซต์ได้ แต่ต้องล็อกอินก่อน ::
  ล็อกอิน

รายการสื่อสารสนเทศ

ลำดับที่ ประเภท เลขเรียก/บาร์โค้ด สถานที่ สถานะ
1. งานวิจัย
งานวิจัย
วจ.LB1032 ท478ก  
  Barcode: 018377
ห้องสมุดวิทยาเขตสวรรค์ประชารักษ์
►วิจัย
บนชั้น
2. งานวิจัย
งานวิจัย
วจ.LB1032 ท478ก ฉ.2 
  Barcode: 032846
ห้องสมุดวิทยาเขตสวรรค์ประชารักษ์
►วิจัย
บนชั้น

BibComment


ยังไม่เคยถูกคอมเมนท์

คอมเมนท์ทรัพยากรรายการนี้
  คอมเมนท์: การพัฒนาแผนการสอน..


 Copyright 2026. Bcnsprnw @Library